000 00308nam a22001337a 4500
008 170426b xxu||||| |||| 00| 0 eng d
020 _a9781121696259
041 _aeng
080 _a577
100 _a12
101 _aSHM
245 _aHUMAN IMPACTS ON IOGEOCHEMICAL CYCLES
_cDROSSMAN, H
942 _2udc
_cBK
999 _c12119
_d12119